Bekannte Sportler in verschieden Sportarten mit Hinweisen - Statistiken

Allgemein
  • Dieses Quiz wurde 637 mal gespielt
  • Das Durchschnittsergebnis liegt bei 19 aus 35
Antwortstatistiken
Sportart Hinweis Antwort % Korrekt
Leichtathletik Der schnellste Mann der Welt Usain Bolt
91%
Fußball Meiste Länderspieltore Cristiano Ronaldo
88%
Formel 1 Deutscher Rekorweltmeister Michael Schumacher
83%
Golf Meiste Einnahmen Tiger Woods
83%
Fußball Meiste WM - Tore Miroslav Klose
82%
Boxen Sportler des Jahrhunderts Muhammad Ali
79%
Tennis König des Sandes Rafael Nadal
79%
Formel 1 Meiste F1-Siege Lewis Hamilton
78%
Fußball Entsprang der La Masia Lionel Messi
78%
Boxen Bürgermeister von Kiew Vitali Klitschko
77%
Basketball Verlor nie in den NBA Finals Michael Jordan
74%
Schwimmen Meiste Olympische Goldmedaillen Michael Phelps
74%
Basketball Meiste Punkte in der NBA (Regular Season) LeBron James
73%
American Football Meiste Superbowl Siege Tom Brady
70%
Tennis Joker Novak Djokovic
67%
Darts Rekordweltmeister Phil Taylor
63%
Tischtennis Erfolgreichster Deutscher Timo Boll
62%
Wrestling You cant see me! John Cena
55%
Basketball Mamba Mentality Kobe Bryant
55%
Darts Meistes eingespieltes Preisgeld Michael van Gerwen
54%
Radfahren Einer der größten Dopingbetrüger aller Zeiten Lance Armstrong
52%
Wrestling Meiste gewonnene Matches bei Wrestlemania The Undertaker
49%
Ski Alpin Erfolgreichste Frau aller Zeiten Lindsey Vonn
41%
Extremsport Erster Mensch auf allen Achtausendern Reinhold Messner
39%
Schach Höchste je erreichte Elo Zahl Magnus Carlsen
38%
Eishockey Meiste NHL Tore Wayne Gretzky
34%
Snooker The Rocket Ronnie O'Sullivan
32%
Turnen Erfolgreichste WM-Teilnehmerin Simone Biles
24%
Wrestling Booyaka Rey Mysterio
23%
Skispringen/-fliegen Hält den Rekord für den weitesten Flug Stefan Kraft
23%
Marathon Hält den Rekord auf Marathondistanz Eliud Kipchoge
20%
Handball Torwart der zweimal Welthandballer wurde Niklas Landin
16%
Handball Meiste Partien bei Olympischen Spielen Nikola Karabatic
15%
American Football Trainer mit den am meisten gewonnenen Superbowls Bill Belichick
13%
Badminton Bester Spieler aller Zeiten Lin Dan
2%
Keine übereinstimmenden Quizze gefunden
Verteilung der Resultate
Anzahl Personen mit jedem Resultat
Perzentil nach korrekt beantworteten Fragen
Ihre Resultats-Entwicklung
Sie haben dieses Quiz noch nicht gespielt